| 000 | 00896cam a22002533a 4500 | ||
|---|---|---|---|
| 001 | 27027 | ||
| 003 | PGUSA | ||
| 005 | 20140828083601.0 | ||
| 008 | 081026s2008||||xxu|||||s|||||000 | eng d | ||
| 040 |
_aPGUSA _beng |
||
| 042 | _adc | ||
| 050 | 4 | _aDA | |
| 245 | 1 | 2 |
_aA Chronicle of London from 1089 to 1483 : _bWritten in the Fifteenth Century, and for the First Time Printed from MSS. in the British Museum _h[electronic resource] / _cAnonymous |
| 260 |
_bProject Gutenberg, _c2008 |
||
| 506 | _aPublic domain in the USA. | ||
| 516 | _aElectronic text | ||
| 653 | _aLondon (England) -- Social life and customs -- To 1500 | ||
| 653 | _aLondon (England) -- History -- To 1500 | ||
| 700 | 1 |
_aNicolas, Nicholas Harris, _cSir, _d1799-1848 |
|
| 700 | 1 |
_aTyrrell, E. _q(Edward), _d1792-1881 |
|
| 830 | 0 |
_aProject Gutenberg _v27027 |
|
| 856 | 4 | 0 | _uhttp://www.gutenberg.org/ebooks/27027 |
| 942 | _cEB | ||
| 999 |
_c256282 _d256282 |
||